The 100 - Statistiques

Statistiques générales
  • Ce quiz a été pris 112 fois
  • Le résultat moyen est 7 sur 15
Statistiques - réponses
Indice Réponse % Correct
Qui est le commandant de la mort Clarke
84%
Qui est la mentor d'Octavia Indra
75%
Qui devient le commandant des onekru dans le bunker Octavia
74%
Comment s'appelle le premier petite ami d'Octavia Lincoln
68%
Comment s'appelle le nouveaux clan formé dans le bunker Onekru
65%
Comment s'appelle la fille adoptive de Clarke Madi
63%
Qui est tue Lincoln ? Pike
59%
Comment s'appelle la fille de Indra Gaia
50%
Combien de personnes peuvent aller dans le bunker pour survivre 1200
47%
Qui était le gardien de la flamme quand Lexa était commandante Titus
46%
Qui aide Monty et Jasper à partir du MontWeather Maia
16%
Qui et Nyco pour Lincoln Son ami
13%
Qui est le tout premier chancelier Kane
12%
Qui et Echo pour Bellamy Sa petite-amie
7%
Comment s'appelle le fils de Monty et Harper Jordanie
1%
Aucun quiz correspondant
Distribution des résultats
% des personnes avec chaque résultat
Percentile par nombre de réponses
Votre historique - résultats
Vous n’avez pas pris ce quiz